[Event "XXXIII Festival Conca della Presolana Magistrale"]
[Site "Bratto - Castione della Presolana ITA"]
[Date "2013.08.21"]
[Round "5"]
[White "Lanzani, Mario"]
[Black "Castaldo, Folco"]
[WhiteElo "2308"]
[BlackElo "2433"]
[Result "1/2-1/2"]
[PlyCount "48"]
[EventDate "2013.08.17"]

1. e4 g6 2. d4 Bg7 3. Nf3 d6 4. Be2 Nf6 5. Nc3 O-O 6. O-O Nc6 7. d5 Nb8 8. Re1
e5 9. dxe6 Bxe6 10. Nd4 Bd7 11. Bc4 Nc6 12. Nxc6 bxc6 13. Bg5 h6 14. Bh4 g5 15.
Bg3 Ng4 16. h3 Ne5 17. Bb3 Qf6 18. Qh5 Rae8 19. Rf1 Ng6 20. Kh1 Nf4 21. Qf3 Re5
22. Qe3 Ra5 23. Rab1 Re8 24. Ne2 Nxe2 1/2-1/2

[Event "XXXIII Festival Conca della Presolana Magistrale"]
[Site "Bratto - Castione della Presolana ITA"]
[Date "2013.08.21"]
[Round "5"]
[White "Sveshnikov, Evgeny E."]
[Black "Rambaldi, Francesco"]
[WhiteElo "2524"]
[BlackElo "2347"]
[Result "1/2-1/2"]
[PlyCount "95"]
[EventDate "2013.08.17"]

1. e4 c6 2. d4 d5 3. exd5 cxd5 4. Nf3 Nf6 5. Bf4 Bf5 6. c3 Nc6 7. Nbd2 e6 8.
Nh4 Bg6 9. Nxg6 hxg6 10. Bd3 Nh5 11. Be3 Bd6 12. Nf3 Qc7 13. g3 Nf6 14. Qc2 a6
15. O-O-O O-O-O 16. Kb1 Kb8 17. Bc1 Rc8 18. Rde1 Ka8 19. Qe2 Rhd8 20. h4 Na5
21. Bg5 Re8 22. Bc1 Nc4 23. Ne5 b5 24. f4 Rb8 25. Ka1 Nb6 26. g4 Na4 27. h5
gxh5 28. g5 Ng8 29. Rxh5 Rec8 30. Rh7 b4 31. Bc2 Qa5 32. Bxa4 Bxe5 33. fxe5
Qxa4 34. b3 Qc6 35. cxb4 Ne7 36. Bb2 Nf5 37. Qd3 Qb5 38. Qxb5 Rxb5 39. a3 a5
40. Rhh1 axb4 41. a4 Rb7 42. g6 fxg6 43. Rhg1 Rc2 44. Rxg6 Re7 45. Rd1 Kb7 46.
Kb1 Rf2 47. Rc1 Rf4 48. Rd1 1/2-1/2

[Event "XXXIII Festival Conca della Presolana Magistrale"]
[Site "Bratto - Castione della Presolana ITA"]
[Date "2013.08.21"]
[Round "5"]
[White "Sveshnikov, Vladimir"]
[Black "Xia, Jie"]
[WhiteElo "2406"]
[BlackElo "2287"]
[Result "1/2-1/2"]
[PlyCount "47"]
[EventDate "2013.08.17"]

1. e4 c5 2. c3 d5 3. exd5 Qxd5 4. d4 cxd4 5. cxd4 Nc6 6. Nf3 e5 7. Nc3 Bb4 8.
Bd2 Bxc3 9. Bxc3 e4 10. Ne5 Nxe5 11. dxe5 Ne7 12. Qe2 O-O 13. Rd1 Qxa2 14. Bb4
Nc6 15. Bxf8 Kxf8 16. Qxe4 Qxb2 17. f4 g6 18. Be2 a5 19. O-O a4 20. Bc4 Qb4 21.
Bd5 Qc5+ 22. Kh1 Bf5 23. Qf3 Nd4 24. Qf2 1/2-1/2

[Event "XXXIII Festival Conca della Presolana Magistrale"]
[Site "Bratto - Castione della Presolana ITA"]
[Date "2013.08.22"]
[Round "6"]
[White "Hunt, Adam C."]
[Black "Cebalo, Miso"]
[WhiteElo "2430"]
[BlackElo "2440"]
[Result "1-0"]
[PlyCount "85"]
[EventDate "2013.08.17"]

1. d4 d6 2. e4 Nf6 3. f3 e5 4. dxe5 dxe5 5. Qxd8+ Kxd8 6. Bc4 Be6 7. Bxe6 fxe6
8. Be3 Bb4+ 9. c3 Ba5 10. Na3 Bb6 11. Ke2 Nbd7 12. Nh3 Ke7 13. Nf2 Bxe3 14.
Kxe3 Nc5 15. Nc4 Nfd7 16. Ng4 Nb6 17. Ngxe5 Rhd8 18. Rhd1 Nca4 19. Rxd8 Rxd8
20. Nxb6 axb6 21. Nd3 b5 22. b3 Nb6 23. Nc5 Rb8 24. Rd1 Ra8 25. Rd2 Ra7 26. f4
h5 27. g3 g6 28. h3 Kf7 29. Nd7 Nxd7 30. Rxd7+ Kf8 31. Rxc7 Rxa2 32. Kd4 Rg2
33. g4 hxg4 34. hxg4 Rxg4 35. Ke5 b6 36. b4 Rh4 37. Rc6 Kf7 38. Rc7+ Kf8 39.
Rb7 Rh3 40. Kf6 Ke8 41. Kxe6 Kd8 42. Rxb6 Rxc3 43. Rxb5 1-0

[Event "XXXIII Festival Conca della Presolana Magistrale"]
[Site "Bratto - Castione della Presolana ITA"]
[Date "2013.08.22"]
[Round "6"]
[White "Janev, Evgeni"]
[Black "Bresciani, Nicola"]
[WhiteElo "2451"]
[BlackElo "2235"]
[Result "1/2-1/2"]
[PlyCount "106"]
[EventDate "2013.08.17"]

1. e4 c5 2. Nf3 d6 3. d4 cxd4 4. Qxd4 a6 5. Bg5 Nc6 6. Qd2 g6 7. c4 Bg7 8. Nc3
Nf6 9. Bh6 O-O 10. Bxg7 Kxg7 11. Be2 Bg4 12. O-O Rc8 13. b3 Qa5 14. Rac1 Bxf3
15. Bxf3 e5 16. Be2 Nd4 17. Bd3 Nh5 18. Qb2 Nf4 19. Bb1 b5 20. b4 Qd8 21. Kh1
Rxc4 22. g3 Nf3 23. Ne2 Rxc1 24. Rxc1 Nxe2 25. Qxe2 Nd4 26. Qe3 Qd7 27. a3 Rc8
28. Rxc8 Qxc8 29. Ba2 Qc2 30. Bd5 Qd1+ 31. Kg2 Nc2 32. Qb3 Ne1+ 33. Kf1 Nc2+
34. Kg2 Ne1+ 35. Kf1 Qe2+ 36. Kg1 Qd2 37. Qe3 Qd1 38. Qb3 Nc2+ 39. Kg2 Qe2 40.
Qa2 Ne3+ 41. Kg1 Nc2 42. Qb3 Ne1 43. Qa2 Nd3 44. Qb3 Qd1+ 45. Kg2 Qe2 46. h4
Ne1+ 47. Kg1 Nd3 48. Qa2 Qd1+ 49. Kg2 Ne1+ 50. Kh2 Qf3 51. Kg1 Qd1 52. Kf1 Nf3+
53. Kg2 Nd2 1/2-1/2

[Event "XXXIII Festival Conca della Presolana Magistrale"]
[Site "Bratto - Castione della Presolana ITA"]
[Date "2013.08.22"]
[Round "6"]
[White "Levin, Felix"]
[Black "David, Alberto"]
[WhiteElo "2478"]
[BlackElo "2589"]
[Result "1/2-1/2"]
[PlyCount "30"]
[EventDate "2013.08.17"]

1. Nf3 d6 2. d4 g6 3. c4 Bg7 4. Nc3 Nc6 5. d5 Ne5 6. Nxe5 Bxe5 7. Bd2 Bg7 8. g3
h5 9. h3 Bd7 10. Bg2 Qc8 11. Qb3 Nf6 12. h4 O-O 13. Ne4 Nxe4 14. Bxe4 c5 15. a4
b6 1/2-1/2

[Event "XXXIII Festival Conca della Presolana Magistrale"]
[Site "Bratto - Castione della Presolana ITA"]
[Date "2013.08.22"]
[Round "6"]
[White "Qendro, Llambi"]
[Black "Cugini, Verter"]
[WhiteElo "2327"]
[BlackElo "2041"]
[Result "1-0"]
[PlyCount "83"]
[EventDate "2013.08.17"]

1. e4 c5 2. Nf3 g6 3. d4 cxd4 4. Qxd4 Nf6 5. Nc3 Nc6 6. Qa4 d6 7. e5 dxe5 8.
Nxe5 Bd7 9. Nxd7 Nxd7 10. Bb5 Bg7 11. Bxc6 bxc6 12. O-O O-O 13. Bg5 h6 14. Be3
Qc7 15. Rfd1 Nb6 16. Qa5 Qb7 17. b3 Nd5 18. Bd4 Qb4 19. Qxb4 Nxb4 20. Bxg7 Kxg7
21. a3 Na6 22. Rd7 e6 23. Rad1 Rfc8 24. Ne4 Rc7 25. Rxc7 Nxc7 26. Rd7 Ne8 27.
Nc5 Kf8 28. Nd3 Nf6 29. Rc7 Rd8 30. Rxa7 e5 31. Kf1 Rd5 32. Ke2 e4 33. Nb4 Rf5
34. Nxc6 Ng4 35. f3 exf3+ 36. gxf3 Nxh2 37. Nd4 Rf4 38. c3 g5 39. b4 h5 40. b5
g4 41. b6 gxf3+ 42. Nxf3 1-0

[Event "XXXIII Festival Conca della Presolana Magistrale"]
[Site "Bratto - Castione della Presolana ITA"]
[Date "2013.08.22"]
[Round "6"]
[White "Ranieri, Fabrizio"]
[Black "Sveshnikov, Vladimir"]
[WhiteElo "2246"]
[BlackElo "2406"]
[Result "1/2-1/2"]
[PlyCount "62"]
[EventDate "2013.08.17"]

1. e4 c5 2. Nf3 Nc6 3. d4 cxd4 4. Nxd4 e5 5. Nb5 d6 6. c4 Be7 7. N1c3 a6 8. Na3
Nf6 9. Be2 O-O 10. O-O Be6 11. Nc2 Rc8 12. Bd2 Nd7 13. b3 h6 14. Kh1 Re8 15.
Rc1 Nf8 16. Bg4 Bg5 17. Bxg5 Qxg5 18. Ne3 Bxg4 19. Qxg4 Qxg4 20. Nxg4 Ne6 21.
Ne3 Ncd4 22. Ncd5 Kf8 23. Nb6 Rc6 24. Ned5 Rd8 25. h3 Nf4 26. Nxf4 Rxb6 27. Nd5
Rc6 28. Rb1 Ke8 29. Kh2 Rdc8 30. Rb2 Rc5 31. a4 f6 1/2-1/2

[Event "XXXIII Festival Conca della Presolana Magistrale"]
[Site "Bratto - Castione della Presolana ITA"]
[Date "2013.08.22"]
[Round "6"]
[White "Sveshnikov, Evgeny E."]
[Black "Abasov, Nijat Azad Oglu"]
[WhiteElo "2524"]
[BlackElo "2492"]
[Result "1/2-1/2"]
[PlyCount "84"]
[EventDate "2013.08.17"]

1. e4 c5 2. f4 d5 3. exd5 Nf6 4. Bb5+ Nbd7 5. Nf3 Nxd5 6. Nc3 N5f6 7. b3 a6 8.
Bxd7+ Bxd7 9. Bb2 Bf5 10. Ne5 e6 11. Qf3 Bd6 12. O-O-O Qc7 13. h3 Bxe5 14. fxe5
Nd7 15. Ne4 Nxe5 16. Qg3 f6 17. Rhe1 Bxe4 18. Rxe4 Rc8 19. Bxe5 fxe5 20. Qg4
O-O 21. Qxe6+ Kh8 22. Qxe5 Qa5 23. Rg4 Rg8 24. Ra4 Qb6 25. Re1 Qc6 26. Rae4
Rcd8 27. Qg5 Rd6 28. Qe3 Rdd8 29. g4 b5 30. Re6 Qd7 31. Re2 c4 32. Rxa6 Rde8
33. Re6 Ra8 34. Kb2 b4 35. bxc4 Ra3 36. Qe5 Qa4 37. d3 Rxa2+ 38. Kc1 Qa3+ 39.
Kd2 b3 40. Re8 Rxc2+ 41. Ke1 Qc1+ 42. Kf2 h6 1/2-1/2

[Event "XXXIII Festival Conca della Presolana Magistrale"]
[Site "Bratto - Castione della Presolana ITA"]
[Date "2013.08.23"]
[Round "7"]
[White "Aghayev, Miragha"]
[Black "Sulava, Nenad"]
[WhiteElo "2319"]
[BlackElo "2480"]
[Result "0-1"]
[PlyCount "64"]
[EventDate "2013.08.17"]

1. e4 e5 2. Nf3 Nc6 3. d4 exd4 4. Nxd4 Nf6 5. Nxc6 bxc6 6. Qe2 d6 7. g3 Be7 8.
Bg2 d5 9. exd5 cxd5 10. Qb5+ Bd7 11. Qd3 O-O 12. O-O c6 13. Nc3 Re8 14. Bf4 Be6
15. Rad1 Qd7 16. Qa6 Bh3 17. Rfe1 Bxg2 18. Kxg2 h6 19. h3 Rac8 20. Ne2 Ne4 21.
Nc1 Nc5 22. Qa5 Qb7 23. Re3 Ne6 24. Be5 c5 25. Rb3 Qa8 26. g4 d4+ 27. f3 c4 28.
Rb5 Bc5 29. b4 cxb3 30. Nxb3 Ng5 31. Rf1 Rxe5 32. Nxc5 Qd5 0-1

[Event "XXXIII Festival Conca della Presolana Magistrale"]
[Site "Bratto - Castione della Presolana ITA"]
[Date "2013.08.23"]
[Round "7"]
[White "Colovic, Aleksandar"]
[Black "Abasov, Nijat Azad Oglu"]
[WhiteElo "2502"]
[BlackElo "2492"]
[Result "1/2-1/2"]
[PlyCount "22"]
[EventDate "2013.08.17"]

1. d4 Nf6 2. c4 e6 3. Nc3 Bb4 4. Qc2 d5 5. a3 Bxc3+ 6. Qxc3 Ne4 7. Qc2 c5 8.
dxc5 Nc6 9. e3 Qa5+ 10. Bd2 Nxd2 11. Qxd2 dxc4 1/2-1/2

[Event "XXXIII Festival Conca della Presolana Magistrale"]
[Site "Bratto - Castione della Presolana ITA"]
[Date "2013.08.23"]
[Round "7"]
[White "David, Alberto"]
[Black "Hunt, Adam C."]
[WhiteElo "2589"]
[BlackElo "2430"]
[Result "0-1"]
[PlyCount "90"]
[EventDate "2013.08.17"]

1. c4 e5 2. g3 Nf6 3. Bg2 Nc6 4. a3 d5 5. cxd5 Nxd5 6. d3 Be7 7. Nc3 Be6 8. Nf3
O-O 9. O-O Qd7 10. Nxd5 Bxd5 11. Be3 Rad8 12. b4 a6 13. Rc1 Qe6 14. Nd2 Bxg2
15. Kxg2 Rd5 16. Qb3 Rfd8 17. Rc4 h6 18. Rfc1 Kh7 19. Qb1 f5 20. Nf3 R5d7 21.
a4 Bd6 22. b5 Na5 23. Rh4 Kg8 24. bxa6 bxa6 25. Bd2 Nb3 26. Qa2 Qf7 27. Rc6 e4
28. dxe4 Nxd2 29. Qxf7+ Rxf7 30. Nxd2 Be7 31. Nc4 Bxh4 32. e5 Be7 33. Rxa6 Bb4
34. a5 Re7 35. f4 Kf7 36. Rc6 Ra8 37. Ne3 Bxa5 38. Nxf5 Re6 39. Rc4 Bb6 40. Rc2
Rxe5 41. Nh4 Rea5 42. Nf3 Rd8 43. Kh3 c5 44. Kg4 c4 45. h4 Rc8 0-1

[Event "XXXIII Festival Conca della Presolana Magistrale"]
[Site "Bratto - Castione della Presolana ITA"]
[Date "2013.08.23"]
[Round "7"]
[White "Ducarmon, Quinten"]
[Black "Guerra, Alessandro"]
[WhiteElo "2438"]
[BlackElo "2226"]
[Result "1/2-1/2"]
[PlyCount "35"]
[EventDate "2013.08.17"]

1. e4 c6 2. d4 d5 3. Nc3 dxe4 4. Nxe4 Nd7 5. Bc4 Ngf6 6. Ng5 e6 7. Qe2 Nb6 8.
Bd3 h6 9. N5f3 c5 10. dxc5 Nbd7 11. Nh3 Bxc5 12. Bd2 O-O 13. O-O-O Re8 14. Nh4
Nd5 15. g3 Nf8 16. Bc4 Bd7 17. f4 b5 18. Bxd5 1/2-1/2

[Event "XXXIII Festival Conca della Presolana Magistrale"]
[Site "Bratto - Castione della Presolana ITA"]
[Date "2013.08.23"]
[Round "7"]
[White "Madiai, Federico"]
[Black "Castaldo, Folco"]
[WhiteElo "2203"]
[BlackElo "2433"]
[Result "1/2-1/2"]
[PlyCount "41"]
[EventDate "2013.08.17"]

1. e4 g6 2. d4 Bg7 3. c4 d6 4. Nc3 f5 5. Nf3 Nf6 6. Bd3 fxe4 7. Nxe4 O-O 8.
Nxf6+ exf6 9. h4 Bg4 10. h5 Nc6 11. hxg6 Qe8+ 12. Kf1 hxg6 13. d5 Ne5 14. Be2
Bxf3 15. gxf3 f5 16. f4 Ng4 17. Bxg4 fxg4 18. Qd3 Qf7 19. Be3 Rae8 20. Rd1 Qf5
21. Qxf5 1/2-1/2

[Event "XXXIII Festival Conca della Presolana Magistrale"]
[Site "Bratto - Castione della Presolana ITA"]
[Date "2013.08.23"]
[Round "7"]
[White "Qendro, Llambi"]
[Black "Sveshnikov, Evgeny E."]
[WhiteElo "2327"]
[BlackElo "2524"]
[Result "1/2-1/2"]
[PlyCount "112"]
[EventDate "2013.08.17"]

1. d4 d5 2. c4 e6 3. cxd5 exd5 4. Nc3 c6 5. Bf4 Bf5 6. e3 Bd6 7. Bxd6 Qxd6 8.
Bd3 Ne7 9. Nge2 Nd7 10. Ng3 Bxd3 11. Qxd3 O-O 12. O-O f5 13. f4 Rae8 14. Rae1
Qe6 15. Na4 b6 16. b4 Nf6 17. Nb2 h5 18. Qc2 h4 19. Nh1 Ne4 20. Nd3 Rc8 21.
Nhf2 Ng6 22. Ne5 Nxe5 23. fxe5 Nxf2 24. Rxf2 c5 25. bxc5 bxc5 26. dxc5 Qxe5 27.
Rf4 h3 28. gxh3 Rc6 29. Kh1 Qe7 30. Rxf5 Rxc5 31. Rxf8+ Qxf8 32. Qg2 Qe7 33.
Rg1 Qe5 34. Qg5 Qe4+ 35. Qg2 Rc3 36. Qxe4 dxe4 37. Rg6 Ra3 38. Rc6 Rxa2 39. Rc4
a5 40. Rxe4 Kf7 41. h4 Kf6 42. Rf4+ Ke5 43. Rg4 a4 44. Rxg7 a3 45. Ra7 Ke4 46.
h5 Kf3 47. Rf7+ Kg4 48. Rf4+ Kh3 49. Rf3+ Kg4 50. Rf4+ Kxh5 51. Ra4 Kg5 52. h4+
Kh5 53. Kg1 Ra1+ 54. Kg2 a2 55. Kh2 Re1 56. Rxa2 Rxe3 1/2-1/2

[Event "XXXIII Festival Conca della Presolana Magistrale"]
[Site "Bratto - Castione della Presolana ITA"]
[Date "2013.08.23"]
[Round "7"]
[White "Sumets, Andrey"]
[Black "Levin, Felix"]
[WhiteElo "2577"]
[BlackElo "2478"]
[Result "1-0"]
[PlyCount "40"]
[EventDate "2013.08.17"]

1. d4 d5 2. Nf3 Nf6 3. c4 dxc4 4. e3 e6 5. Bxc4 c5 6. O-O Nc6 7. Qe2 cxd4 8.
Rd1 Be7 9. exd4 O-O 10. a3 Nd5 11. Nc3 b6 12. Bxd5 exd5 13. Qb5 Na5 14. Nxd5
Bd6 15. Bg5 f6 16. Bf4 Bd7 17. Qd3 Ba4 18. Re1 Bb3 19. Bxd6 Qxd6 20. Ne7+ Kh8
1-0

[Event "XXXIII Festival Conca della Presolana Magistrale"]
[Site "Bratto - Castione della Presolana ITA"]
[Date "2013.08.23"]
[Round "7"]
[White "Sveshnikov, Vladimir"]
[Black "Satta, Vladimiro"]
[WhiteElo "2406"]
[BlackElo "2210"]
[Result "1-0"]
[PlyCount "67"]
[EventDate "2013.08.17"]

1. e4 c5 2. c3 e6 3. d4 d5 4. exd5 exd5 5. Nf3 Nc6 6. Bb5 Bd6 7. dxc5 Bxc5 8.
O-O Nge7 9. Nbd2 O-O 10. Nb3 Bb6 11. Bd3 h6 12. Re1 Nf5 13. Bxf5 Bxf5 14. Be3
Be4 15. Bxb6 Qxb6 16. Nfd4 Rad8 17. Re2 Rfe8 18. Nxc6 bxc6 19. Qd4 Bg6 20. Rae1
Rxe2 21. Rxe2 Qa6 22. Nc1 Rb8 23. h3 Bb1 24. b4 Qa3 25. Nb3 Bxa2 26. Na5 Ra8
27. Re3 Qc1+ 28. Kh2 Qc2 29. Nxc6 Rf8 30. Rg3 g6 31. Qxa7 Bc4 32. Ne7+ Kh8 33.
Qd4+ Kh7 34. Qf6 1-0

[Event "XXXIII Festival Conca della Presolana Magistrale"]
[Site "Bratto - Castione della Presolana ITA"]
[Date "2013.08.24"]
[Round "8"]
[White "Abasov, Nijat Azad Oglu"]
[Black "David, Alberto"]
[WhiteElo "2492"]
[BlackElo "2589"]
[Result "1/2-1/2"]
[PlyCount "89"]
[EventDate "2013.08.17"]

1. c4 e5 2. g3 Nf6 3. Bg2 c6 4. Nf3 e4 5. Nd4 d5 6. cxd5 Qxd5 7. e3 Bc5 8. d3
Qe5 9. Nc3 exd3 10. Qxd3 O-O 11. O-O Na6 12. a3 Bb6 13. b4 Rd8 14. Bb2 Qh5 15.
Qe2 Bg4 16. f3 Bxd4 17. exd4 Be6 18. Rfe1 Nc7 19. Qe5 Ncd5 20. Qxh5 Nxh5 21.
Ne4 Nhf6 22. Nc5 Bc8 23. Bf1 Nd7 24. Kf2 Nxc5 25. dxc5 Be6 26. Be5 Rd7 27. Rac1
a6 28. g4 Nc7 29. Kg3 Bd5 30. h4 f6 31. Bf4 Ne6 32. Be3 Kf7 33. f4 g6 34. Bd3
f5 35. gxf5 Ng7 36. fxg6+ hxg6 37. Kf2 Rh8 38. Rg1 Nf5 39. Bxf5 gxf5 40. Rg5
Rxh4 41. Rxf5+ Ke6 42. Re5+ Kf6 43. Rg5 Rh2+ 44. Kg1 Rh1+ 45. Kf2 1/2-1/2

[Event "XXXIII Festival Conca della Presolana Magistrale"]
[Site "Bratto - Castione della Presolana ITA"]
[Date "2013.08.24"]
[Round "8"]
[White "Castaldo, Folco"]
[Black "Formento, Paolo"]
[WhiteElo "2433"]
[BlackElo "2188"]
[Result "1-0"]
[PlyCount "143"]
[EventDate "2013.08.17"]

1. e4 e6 2. d3 d5 3. Qe2 Be7 4. Nf3 Nf6 5. g3 O-O 6. Bg2 c5 7. O-O Nc6 8. e5
Nd7 9. c4 Nb6 10. h4 Qc7 11. Bf4 Rd8 12. Re1 dxc4 13. dxc4 Nd4 14. Nxd4 cxd4
15. Nd2 Nd7 16. h5 h6 17. Rad1 Nc5 18. Ne4 d3 19. Qg4 Kh8 20. Nd6 Bxd6 21. exd6
Qb6 22. Qh4 Bd7 23. Be5 Rf8 24. Bd4 Qxd6 25. b4 Na4 26. c5 Qc7 27. Rxd3 f6 28.
Red1 Bb5 29. R3d2 e5 30. Ba1 Rad8 31. Qg4 Rxd2 32. Rxd2 Bc6 33. Bf1 Qc8 34.
Qxc8 Rxc8 35. f4 exf4 36. gxf4 a6 37. Kf2 Kg8 38. Rd6 Kf8 39. Bc4 Ke7 40. Bb3
Bb5 41. Bd4 Rc6 42. Rxc6 Bxc6 43. Ke3 Kd8 44. Kf2 Ke7 45. Kg3 Kd8 46. Kf2 Ke7
47. Ke3 Kd8 48. Bd1 Kc7 49. Be2 Kd7 50. a3 Kc7 51. Bf3 Be8 52. Bd1 Bc6 53. Be2
Kc8 54. Bf3 Be8 55. Kd2 Kc7 56. Kc2 Bf7 57. f5 Bc4 58. Be3 b5 59. Bf4+ Kd8 60.
Bd6 Ke8 61. Bc6+ Kf7 62. Bb7 Be2 63. Bxa6 Ke8 64. c6 Nb6 65. Bc5 Nd5 66. a4
Bxh5 67. Bxb5 Kd8 68. Bc4 Ne7 69. c7+ Kxc7 70. Bxe7 g6 71. Bxf6 gxf5 72. Be5+
1-0

[Event "XXXIII Festival Conca della Presolana Magistrale"]
[Site "Bratto - Castione della Presolana ITA"]
[Date "2013.08.24"]
[Round "8"]
[White "Guerra, Alessandro"]
[Black "Cebalo, Miso"]
[WhiteElo "2226"]
[BlackElo "2440"]
[Result "1/2-1/2"]
[PlyCount "108"]
[EventDate "2013.08.17"]

1. e4 c5 2. Nf3 Nc6 3. Bb5 d6 4. O-O Bd7 5. Re1 Nf6 6. c3 a6 7. Bf1 Bg4 8. h3
Bxf3 9. Qxf3 g6 10. d3 Bg7 11. Bg5 O-O 12. Nd2 b5 13. Qe3 Nd7 14. Bh6 e5 15.
Bxg7 Kxg7 16. Nf3 Rc8 17. a3 Nb6 18. Rad1 Qc7 19. h4 f6 20. g3 Rcd8 21. d4 Ne7
22. Rd2 Rfe8 23. Red1 exd4 24. cxd4 c4 25. d5 Na4 26. Qf4 Nc5 27. Nd4 Ng8 28.
f3 Nh6 29. g4 Nf7 30. Kh1 Ne5 31. Rg2 Qf7 32. Be2 Rf8 33. Qe3 Rde8 34. f4 Ned3
35. Bxd3 cxd3 36. Ne6+ Nxe6 37. dxe6 Qxe6 38. Qxd3 Qxe4 39. Qxe4 Rxe4 40. Rxd6
Rxf4 41. Rxa6 f5 42. Rb6 fxg4 43. Rxb5 h5 44. Rb3 Kh6 45. Re2 R8f6 46. Kg2 g5
47. hxg5+ Kxg5 48. Rb5+ Kh4 49. Rbe5 g3 50. R2e4 Kg4 51. Re8 h4 52. Rg8+ Kf5
53. Rxf4+ Kxf4 54. Rh8 Kg4 1/2-1/2

[Event "XXXIII Festival Conca della Presolana Magistrale"]
[Site "Bratto - Castione della Presolana ITA"]
[Date "2013.08.24"]
[Round "8"]
[White "Hunt, Adam C."]
[Black "Sumets, Andrey"]
[WhiteElo "2430"]
[BlackElo "2577"]
[Result "1/2-1/2"]
[PlyCount "20"]
[EventDate "2013.08.17"]

1. e4 e6 2. d4 d5 3. Nc3 Nf6 4. Bg5 dxe4 5. Nxe4 Nbd7 6. Nf3 h6 7. Nxf6+ Nxf6
8. Be3 Bd6 9. Bd3 O-O 10. Qd2 Nd5 1/2-1/2

[Event "XXXIII Festival Conca della Presolana Magistrale"]
[Site "Bratto - Castione della Presolana ITA"]
[Date "2013.08.24"]
[Round "8"]
[White "Madiai, Federico"]
[Black "Aghayev, Miragha"]
[WhiteElo "2203"]
[BlackElo "2319"]
[Result "1/2-1/2"]
[PlyCount "65"]
[EventDate "2013.08.17"]

1. e4 c5 2. Nf3 e6 3. b3 b6 4. c4 Bb7 5. Nc3 d6 6. g3 Nf6 7. d3 g6 8. Bg2 Bg7
9. Bg5 h6 10. Bd2 O-O 11. Qc1 Kh7 12. O-O Nc6 13. Ne1 Nd4 14. e5 Bxg2 15. exf6
Bxf1 16. fxg7 Rg8 17. Kxf1 g5 18. Qd1 Rxg7 19. Ne2 Nf5 20. Ng2 d5 21. g4 Nd6
22. cxd5 exd5 23. Ng3 f5 24. gxf5 Rf7 25. Qg4 Qf6 26. Re1 Nxf5 27. Qxf5+ Qxf5
28. Nxf5 Rxf5 29. Re7+ Kg6 30. Ne3 Rf7 31. Re6+ Rf6 32. Rxf6+ Kxf6 33. Nxd5+
1/2-1/2

[Event "XXXIII Festival Conca della Presolana Magistrale"]
[Site "Bratto - Castione della Presolana ITA"]
[Date "2013.08.24"]
[Round "8"]
[White "Rambaldi, Francesco"]
[Black "Ranieri, Fabrizio"]
[WhiteElo "2347"]
[BlackElo "2246"]
[Result "1/2-1/2"]
[PlyCount "66"]
[EventDate "2013.08.17"]

1. d4 e6 2. c4 Nf6 3. Nc3 Bb4 4. g3 d5 5. Bg2 O-O 6. a3 Bxc3+ 7. bxc3 dxc4 8.
Nf3 c5 9. O-O Nc6 10. a4 Nd5 11. Qc2 Qa5 12. Bb2 cxd4 13. cxd4 c3 14. Ba3 Rd8
15. Rfb1 Qc7 16. Qd3 a5 17. Rb3 f5 18. e4 fxe4 19. Qxe4 Ncb4 20. Ng5 Nf6 21.
Qe3 Nc2 22. Rxc3 Nxe3 23. Rxc7 Nxg2 24. Kxg2 Bd7 25. Kg1 h6 26. Nf3 Bxa4 27.
Rxb7 Bc6 28. Rb3 a4 29. Rc3 Bd5 30. Ne5 Rdb8 31. f3 Rb3 32. Rac1 Rab8 33. Kf2
Rxc3 1/2-1/2

[Event "XXXIII Festival Conca della Presolana Magistrale"]
[Site "Bratto - Castione della Presolana ITA"]
[Date "2013.08.24"]
[Round "8"]
[White "Sulava, Nenad"]
[Black "Colovic, Aleksandar"]
[WhiteElo "2480"]
[BlackElo "2502"]
[Result "1-0"]
[PlyCount "55"]
[EventDate "2013.08.17"]

1. d4 d5 2. c4 c6 3. Nf3 Nf6 4. Nc3 dxc4 5. a4 Bf5 6. Nh4 e6 7. Nxf5 exf5 8. e3
Bb4 9. Bxc4 O-O 10. O-O Nbd7 11. Qc2 g6 12. Kh1 Rc8 13. Ba2 Qa5 14. f3 c5 15.
Bd2 Nb6 16. dxc5 Qxc5 17. e4 fxe4 18. Bh6 Rfe8 19. fxe4 Rc6 20. Rf3 Nc4 21.
Rxf6 Rxf6 22. Nd5 Rf2 23. Qxc4 Qxc4 24. Bxc4 Rxe4 25. b3 Re1+ 26. Rxe1 Bxe1 27.
Ne7+ Kh8 28. Be3 1-0

[Event "XXXIII Festival Conca della Presolana Magistrale"]
[Site "Bratto - Castione della Presolana ITA"]
[Date "2013.08.24"]
[Round "8"]
[White "Xia, Jie"]
[Black "Ducarmon, Quinten"]
[WhiteElo "2287"]
[BlackElo "2438"]
[Result "0-1"]
[PlyCount "24"]
[EventDate "2013.08.17"]

1. d4 d5 2. c4 c6 3. cxd5 cxd5 4. Nc3 e5 5. e4 dxe4 6. Bb5+ Bd7 7. dxe5 Bb4 8.
Bc4 Nc6 9. Qd5 Qe7 10. Bf4 Be6 11. Qxe4 Bxc3+ 12. bxc3 Qc5 0-1

[Event "XXXIII Festival Conca della Presolana Magistrale"]
[Site "Bratto - Castione della Presolana ITA"]
[Date "2013.08.25"]
[Round "9"]
[White "Cebalo, Miso"]
[Black "Castaldo, Folco"]
[WhiteElo "2440"]
[BlackElo "2433"]
[Result "0-1"]
[PlyCount "78"]
[EventDate "2013.08.17"]

1. c4 f5 2. g3 Nf6 3. Bg2 g6 4. Nc3 Bg7 5. d3 O-O 6. e4 fxe4 7. dxe4 d6 8. Nge2
c5 9. O-O Nc6 10. h3 e5 11. f4 Be6 12. b3 Qd7 13. Kh2 Kh8 14. Be3 Rae8 15. Qd2
Nd4 16. fxe5 dxe5 17. Rf2 Ng4+ 18. hxg4 Rxf2 19. Bxf2 Nf3+ 20. Bxf3 Qxd2 21.
Rd1 Qg5 22. Bxc5 b6 23. Bg1 Bxg4 24. Bxg4 Qxg4 25. Kg2 Rf8 26. Rd3 Rc8 27. Bf2
Bf8 28. Ng1 Bb4 29. Nf3 Bxc3 30. Rxc3 Qxe4 31. Re3 Qb7 32. Be1 Rf8 33. Bc3 g5
34. Bxe5+ Kg8 35. g4 h5 36. Kg3 h4+ 37. Kg2 Qd7 38. Kh3 Qd1 39. Nxg5 Qd2 0-1

[Event "XXXIII Festival Conca della Presolana Magistrale"]
[Site "Bratto - Castione della Presolana ITA"]
[Date "2013.08.25"]
[Round "9"]
[White "Colovic, Aleksandar"]
[Black "Hunt, Adam C."]
[WhiteElo "2502"]
[BlackElo "2430"]
[Result "1-0"]
[PlyCount "95"]
[EventDate "2013.08.17"]

1. d4 Nf6 2. c4 g6 3. Nc3 Bg7 4. e4 d6 5. h3 Nbd7 6. Bg5 h6 7. Be3 e5 8. d5 Nc5
9. Qc2 a5 10. Be2 O-O 11. Nf3 a4 12. Nd2 Bd7 13. Rb1 Nh7 14. O-O f5 15. exf5
gxf5 16. f4 e4 17. Nb5 Bxb5 18. cxb5 b6 19. b4 axb3 20. axb3 Kh8 21. Nc4 Rg8
22. b4 Nd7 23. Bf2 Qf6 24. Rb3 Ra7 25. Na5 Rga8 26. Nc6 Ra2 27. Qd1 Qa1 28. Nd4
Qxd1 29. Rxd1 Bxd4 30. Bxd4+ Nhf6 31. Bh5 Rg8 32. Rb2 Rxb2 33. Bxb2 Kh7 34. Bf7
Rg3 35. Rc1 Rb3 36. Bc3 e3 37. Be6 Kg6 38. g4 fxg4 39. hxg4 Nf8 40. Kf1 Nxe6
41. f5+ Kg5 42. Bxf6+ Kxf6 43. dxe6 Rxb4 44. Rxc7 Rxb5 45. Rf7+ Kg5 46. e7 Re5
47. f6 d5 48. Rf8 1-0

[Event "XXXIII Festival Conca della Presolana Magistrale"]
[Site "Bratto - Castione della Presolana ITA"]
[Date "2013.08.25"]
[Round "9"]
[White "David, Alberto"]
[Black "Guerra, Alessandro"]
[WhiteElo "2589"]
[BlackElo "2226"]
[Result "1-0"]
[PlyCount "53"]
[EventDate "2013.08.17"]

1. d4 Nf6 2. c4 g6 3. Nc3 Bg7 4. e4 d6 5. Be2 O-O 6. Bg5 Nbd7 7. Qd2 e5 8. d5
a5 9. h4 Nc5 10. f3 Qd7 11. Nh3 Ne8 12. h5 f5 13. hxg6 hxg6 14. exf5 gxf5 15.
Be3 Qe7 16. O-O-O b6 17. g4 a4 18. gxf5 Bxf5 19. Rdg1 a3 20. b4 Na4 21. Ne4 Rf7
22. Nhg5 Rf6 23. Nxf6+ Nxf6 24. Ne4 Bxe4 25. Bh6 Ne8 26. Bxg7 Nxg7 27. Qh6 1-0